Départements aux plus grandes communes les moins peuplées - Statistiques

Statistiques générales
  • Ce quiz a été pris 18 fois
  • Le résultat moyen est 7 sur 16
Statistiques - réponses
Population Commune Département % Correct
2 103 778 Paris Paris
100%
126 Saint-Antonin-sur-Bayon Bouches-du-Rhône
61%
873 Terre-de-Bas Guadeloupe
50%
5 040 Cilaos La Réunion
50%
487 Grand'Rivière Martinique
50%
5 192 Acoua Mayotte
50%
120 Azolette Rhône
50%
5 175 Coubron Seine-Saint-Denis
50%
2 724 Périgny Val-de-Marne
50%
1 752 Marnes-la-Coquette Hauts-de-Seine
44%
150 Ouanary Guyane
39%
334 Juigné-des-Moutiers Loire-Atlantique
39%
158 Lanneuffret Finistère
33%
115 Béhuard Maine-et-Loire
22%
107 Crissay-sur-Manse Indre-et-Loire
17%
123 Marillet Vendée
11%
Aucun quiz correspondant
Distribution des résultats
% des personnes avec chaque résultat
Percentile par nombre de réponses
Votre historique - résultats
Vous n’avez pas pris ce quiz